Statystyki dla Piłka nożna - wiedza ogólna

Kliknij tutaj aby rozwiązać quiz!

Ogólne statystyki

  • Ten quiz został rozwiązany 8 441 razy
  • Średni wynik to 9 z 15

Statystyki odpowiedzi

ZagadnienieOdpowiedź% Poprawnych
Ile minut trwa mecz w piłce nożnej ?90
99%
Jak nazywa się liga angielska ?Premier League
97%
Jak nazywa się klub z Turynu ?Juventus
92%
Jak nazywa się klub z Los Angeles ?LA galaxy
91%
Jak nazywa się najbardziej utytułowany klub w historii ?Real Madryt
80%
Jak nazywa się organizacja między narodowa do spraw o piłce nożnej ?FIFA
67%
Kto jest trenerem reprezentacji polski u-20 ?Jacek Magiera
63%
Jak nazywa się napastnik Barcelony ?Suarez
63%
Kto w sezonie 2018/19 został mistrzem Premier League ?Manchester City
53%
Kto jest strzelcem wszech czasów Premier League ?Alan Shearer
48%
Kto w sezonie 2018/19 został mistrzem Ekstraklasy ?Piast Gliwice
44%
Jakie ma wymiary bramka do piłki nożnej ?732 x 244
34%
Jak nazywa się drużyna z która Mateusz Klich awansował do Premier League ?Lester City
31%
Jakie ma wymiary boisko do piłki nożnej ?105 x 68
28%
Jak nazywa się piłkarz który ma najwięcej występów z orzełkiem na piersi ?Jakub Błaszczykowski
20%

Rozkład punktacji

Percentyl według liczby udzielonych odpowiedzi

Procent ludzi z każdym wynikiem

Twoja historia wyników

Nie rozwiązałeś tego quizu